00707nam a2200157 a 450000100100000000500170001000800410002702000180006804000250008610000370011124501180014826000910026630000200035749000880037783000840046500002794020240305130541.0110405s2007 dr 000 0 spa d a9789945161076 aDO-SdBNPbspacBNPHU1 aTavares K., Juan Tomás,d1953-10aSobre el bien y el mal de la República :bescritos de Ulises Francisco Espillat /cJuan Tomás Tavares Kelner. aSanto Domingo :bComisión Permanente de Efemérides Patrias,c2007.fEditora Búho a30 p. ;c22 cm.1 aPublicaciones de la Comisión Permanente de Efemérides Patrias 2004-2007vno. 20 0aPublicaciones de la Comisión Permanente de Efemérides Patrias 2004-2007n20